000 00241nam a2200097Ia 4500
001 1223568
005 20251205152930.0
008 250824s9999 xx 000 0 und d
245 0 _aİÇİMİZDEKİ YILDIZLAR
_cEMEL CAN
260 _bATLIKARINCA
999 _c1223568
_d1223568